| 000 | 00646nam a2200217Ia 4500 | ||
|---|---|---|---|
| 005 | 20241129104115.0 | ||
| 008 | 241129s9999||||xx |||||||||||||| ||und|| | ||
| 020 | _a9781138595385 | ||
| 037 | _aTextual | ||
| 040 |
_aRTL _beng _cRTL |
||
| 041 |
_aeng _2eng |
||
| 084 |
_aX:9 R0 _qRTL |
||
| 100 |
_aJekiel Cheryl M _9724800 |
||
| 245 | 0 |
_aLean human resources: Redesigning HR processes for a culture of continuous improvement _cJekiel Cheryl M |
|
| 260 |
_aNew York _bRoutledge _c2020 |
||
| 300 | _av,248p. | ||
| 365 |
_aINR _b3070.68 |
||
| 650 |
_aHuman Resources _9724801 |
||
| 942 |
_cTB _hX:9 R0 |
||
| 999 |
_c1224454 _d1224454 |
||